| 000 | 00500pab a2200181 454500 | ||
|---|---|---|---|
| 008 | 180718b2004 xxu||||| |||| 00| 0 eng d | ||
| 100 | _aMahmud, Simeen | ||
| 245 | _aHealth and population: making progress under poverty | ||
| 260 | _c2004 | ||
| 300 | _ap.4081-092. | ||
| 362 | _a4 Sep | ||
| 650 | _aBangladesh - Population | ||
| 650 | _aPoverty - Bangladesh | ||
| 650 | _aHealth services - Bangladesh | ||
| 650 | _aHealth services | ||
| 773 | _aEconomic and Political Weekly | ||
| 909 | _a62333 | ||
| 999 |
_c62333 _d62333 |
||